00473nmm a2200145Ia 4500008004100000020001800041041000800059100003600067245003500103264006900138300001800207490002700225650002400252856005100276251105s9999||||xx |||||||||||||||||und|| a9788481022346 aspa aGarcía de Escalante, Alvarado 0aViaje a las Islas del Poniente a[Madrid, España] :bEdiciones Universidad de Cantabria, c2015 a160 páginas aCantabria 4 Estaciones aGeography (General) uhttps://public.digitaliapublishing.com/a/38743